00792nam a22002171 4500001000700000003000900007005001700016007000300033008004100036016001800077040002100095080001100116100004900127245011100176260006200287300002200349650003000371852003200401999001900433952012200452134464ES-MaACL20260306063015.0t|070911s1973 sp ||||0| spa d7 zIND2000944349 aM-BN bspa cCDM a1(042)1 aWhitehead, Alfred North, d1861-1947911669510aModos de pensamiento b: [conferencias y lecciones] / cA. N. Whitehead ; versión de M. de Mora Charles. aMadrid : bTaller de Ediciones Josefina Betancor, c1973. a195 p. ; c18 cm.17aFilosofía2embne912802 aES-MaACLjC-55355 bR.87988 c134464d134464 00104070aATENEOMbATENEOMcDEPO2d2008-01-17eSCl0oC-55355p1139961r2023-02-23 00:00:00w2023-02-23yMONOGRAFIA